000 00750nam a22002057a 4500
999 _c3757
_d3757
003 AR-CdUCM
008 190307b ||||| |||| 00| 0 spa d
040 _aMUNICIPALIDAD PROVINCIAL DEL CUSCO
_cBIBLIOTECA MUNICIPAL DEL CUSCO
082 _a890.69 /
_bOC32
100 _aOctavio Prenz, Juan
_912148
245 _aPoetas Contemporáneos de Yugoslavia /
260 _aPerú :
_bJuan Mejia Baca ,
_c1977.
300 _a243 páginas ;
_c17 cm.
505 _aContenido : Jure Kastelan -- Slavko Janevski -- Blaze Koneski -- Vesna Parun -- Vasko Popa -- Aco Sopov -- Ciril Zlobec...
650 _aPoetas Yugoslavios
_912149
650 _aPoesia Europea
_912150
650 _aPoesia Contemporanea Yugoslava
_912151
942 _2ddc
_cLIBROS
945 _artm